| 000 | 00395nam a2200181Ia 4500 | ||
|---|---|---|---|
| 008 | 210210b1959 xxu||||| |||| 00| 0 eng d | ||
| 041 | _aeng | ||
| 082 | _a230/38 | ||
| 100 | _aDAUJAT (Jean) | ||
| 245 | _aTheology of grace | ||
| 260 |
_aLondon _bBurns & oates, _c1959 |
||
| 300 | _a158 | ||
| 650 | _aTheology | ||
| 650 | _aof | ||
| 650 | _agrace | ||
| 690 | _aReligion | ||
| 906 | _a001274 | ||
| 999 |
_c116172 _d116172 |
||